MARC

LEADER 00000nas a2200000 a 4500
001 ssj0047195
003 WaSeSS
005 20200512172242.0
006 m d
007 cr n
008 100420d19752018nbufx p s 0 b0eng
010 |a  2013200820 
022 |a 2327-963X  |l 0277-4356  |y 0277-4356 
035 |a (WaSeSS)ssj0047195 
040 |a OCLCE  |b eng  |e pn  |c OCLCE  |d EYM  |d OCLCQ  |d DLC  |d OCLCF  |d OCLCS  |d HUL  |d OCLCQ  |d VT2  |d Z5A  |d U3W  |d CUS  |d WaSeSS 
041 0 |a eng  |a spa 
042 |a dlr  |a pcc  |a nsdp 
043 |a e-sp---  |a cl----- 
050 4 |a PQ6055  |b .L48 
050 4 |a HQ1104  |b .L4 
082 0 0 |a 860/.8/09287  |2 23 
222 0 |a Letras femeninas  |b (Online) 
245 0 0 |a Letras femeninas  |h [electronic resource]. 
260 |a Boulder, Colo. :  |b Asociación de Literatura Femenina Hispánica,  |c 1975- 
310 |a Two no. a year 
362 1 |a Began with v. 1, no. 1 (spring 1975); ceased with v. 43, no. 2 (2018). 
500 |a Imprint varies: Vol. 3- published in Beaumont, Tex. ; <v. 19-> in Lincoln, Neb. 
506 |a License restrictions may limit access. 
515 |a Issue for 1994 called: Número extraordinario conmemorativo: 1974-1994. 
538 |a Master and use copy. Digital master created according to Benchmark for Faithful Digital Reproductions of Monographs and Serials, Version 1. Digital Library Federation, December 2002.  |u http://purl.oclc.org/DLF/benchrepro0212  |5 MiAaHDL 
546 |a English and Spanish. 
583 1 |a digitized  |c 2010  |h HathiTrust Digital Library  |l committed to preserve  |2 pda  |5 MiAaHDL 
588 |a Description based on: Vol. I, no. 1 (spring, 1975); title from PDF cover (JSTOR, viewed June 15, 2012). 
588 |a Latest issue consulted: Vol. 43, no. 2 (2018) (Journals@UIC website, viewed Apr. 18, 2019). 
650 0 |a Spanish literature  |x Women authors  |v Periodicals. 
650 0 |a Spanish American literature  |x Women authors  |v Periodicals. 
650 7 |a Spanish American literature  |x Women authors.  |2 fast  |0 (OCoLC)fst01128215 
650 7 |a Spanish literature  |x Women authors.  |2 fast  |0 (OCoLC)fst01128618 
650 1 7 |a Letterkunde.  |2 gtt 
650 1 7 |a Vrouwelijke auteurs.  |2 gtt 
650 1 7 |a Spaans.  |2 gtt 
655 0 |a Electronic journals. 
710 2 |a Asociación de Literatura Femenina Hispánica. 
710 2 |a Asociación Internacional de Literatura Femenina Hispánica. 
710 2 |a Asociación Internacional de Literatura y Cultura Femenina Hispánica. 
776 0 8 |i Print version:  |t Letras femeninas  |x 0277-4356  |w (DLC) 81642380  |w (OCoLC)3816008 
785 0 0 |t Revista de estudios de género y sexualidades  |x 2637-997X  |w (DLC) 2018202863  |w (OCoLC)1047730093 
856 4 0 |z Full text available from PRISMA Database with HAPI Index: 04/01/2001 to 07/31/2016  |u https://search.proquest.com/publication/13316